LIBRARY & INFORMATION CENTRE, KCAET, TAVANUR

ONLINE PUBLIC ACCESS CATALOGUE (OPAC)

Agribusiness management / (Record no. 13053)

MARC details
000 -LEADER
fixed length control field 00421cam a2200169ua 4500
041 ## - LANGUAGE CODE
Language code of text/sound track or separate title eng
082 ## - DEWEY DECIMAL CLASSIFICATION NUMBER
Classification number 630.68
Item number BHA/AG
100 ## - MAIN ENTRY--AUTHOR NAME
Personal name Bhatia, Gangadhar .
245 ## - TITLE STATEMENT
Title Agribusiness management /
260 ## - PUBLICATION, DISTRIBUTION, ETC. (IMPRINT)
Place of publication :
Name of publisher Mittal Publications ,
Year of publication 2007.
300 ## - PHYSICAL DESCRIPTION
Number of Pages 295 ;
Accompanying material `.
942 ## - ADDED ENTRY ELEMENTS (KOHA)
Koha item type Books
Holdings
Withdrawn status Lost status Damaged status Home library Current library Date acquired Full call number Accession Number Koha item type
      KAUAET KAUAET 07/04/2012 630.68 21332 Books
free website counter